Statystyki dla Skoczkowie z największą ilością wygranych w konkursach Pucharu Świata

Kliknij tutaj aby rozwiązać quiz!

Ogólne statystyki

  • Ten quiz został rozwiązany 44 razy
  • Średni wynik to 7 z 11

Statystyki odpowiedzi

MiejsceIlość wygranychZawodnik% Poprawnych
39Adam Małysz
97%
3.39Kamil Stoch
97%
5.38Stefan Kraft
95%
6.36Janne Ahonen
85%
8.31Ryoyu Kobayashi
85%
2.46Matti Nykanen
64%
25Halvor Egner Granerud
59%
9.28Martin Schmitt
51%
1.52Gregor Schlirenzauer
44%
7.33Jens Weissflog
33%
10.25Andreas Felder
23%

Rozkład punktacji

Percentyl według liczby udzielonych odpowiedzi

Procent ludzi z każdym wynikiem

Twoja historia wyników

Nie rozwiązałeś tego quizu